000 00673cab a2200229 4500
001 WB3001-26
008 090401t1993 xxu||||| |||| 00| 0 eng d
035 _a(Sirsi) u42028
041 _aeng
245 _aGovernment housing cash allocated
260 _c1993
350 _a0
490 _aDoE News Release
_v(881) 17 December 1993, (12)
520 _aAllocations for the local authority Housing Investment Programme, will total £1.5bn for 1994-1995.
650 _aAPPROVED DEVELOPMENT PROGRAMME
650 _aESTATE ACTION
650 _aHOUSING CORPORATON
650 _aSINGLE REGENERATION BUDGET
690 _aHOUSING
942 _n0
948 _c04/03/1997
999 _c26997
_d26997